[Event "Voronezh op-A 19th"]
[Site "Voronezh"]
[Date "2015.06.14"]
[Round "3"]
[White "Klukin, Kirill"]
[Black "Gasimov, Elshan"]
[Result "1-0"]
[WhiteElo "2269"]
[BlackElo "1870"]
[PlyCount "73"]
[EventDate "2015.06.12"]
[EventType "swiss"]
[EventRounds "9"]
[EventCountry "RUS"]
[SourceTitle "CBM 167 Extra"]
[Source "ChessBase"]
[SourceDate "2015.09.14"]
[SourceVersion "1"]
[SourceVersionDate "2015.09.14"]
[SourceQuality "1"]

1. d4 d5 2. Nf3 Nf6 3. c4 e6 4. Bg5 Be7 5. Nc3 0-0 6. e3 b6 7. cxd5 Nxd5 8. Nxd5 exd5 9. Bf4 Bb4+ 10. Nd2 Bd6 11. Bg3 Ba6 12. Bxa6 Nxa6 13. Qa4 Nb4 14. 0-0 Bxg3 15. hxg3 Qd6 16. Rfc1 Nd3 17. Rc3 Nxb2 18. Qc2 Nc4 19. Nxc4 dxc4 20. Rxc4 Rac8 21. Rc1 Qd5 22. e4 Qh5 23. d5 Qe5 24. Rxc7 Rxc7 25. Qxc7 Qxe4 26. d6 Qd4 27. Qe7 f6 28. d7 Qd5 29. Re1 Qd2 30. g4 h5 31. gxh5 Kh7 32. Re3 Qc1+ 33. Kh2 Qc7+ 34. Rg3 Rg8 35. d8Q Qxd8 36. Rxg7+ Kh6 37. Rg6+ 1-0